|
|
|
|
| LEADER |
00000nam0a2200000 4500 |
| 001 |
193294 |
| 005 |
20231101224456.0 |
| 035 |
|
|
|a (RuTPU)RU\TPU\book\210811
|
| 090 |
|
|
|a 193294
|
| 100 |
|
|
|a 20110322d1979 m y0rusy50 ca
|
| 101 |
0 |
|
|a rus
|
| 102 |
|
|
|a RU
|
| 105 |
|
|
|a a z 000zy
|
| 200 |
1 |
|
|a Экскурсия в Звездный
|e сборник
|f под ред. В. А. Шаталова
|
| 210 |
|
|
|a Москва
|c Молодая гвардия
|d 1979
|
| 215 |
|
|
|a 96 с.
|c ил.
|
| 318 |
|
|
|5 63413507
|a Космос… Дорога без конца
|b выставка
|
| 330 |
|
|
|a Авторы книги приглашают читателей совершить заочную экскурсию по Звездному городку, где космонавты живут, работают и готовятся к космическим полетам, посетить музей космонавтики. Сборник богато иллюстрирован черно-белыми и цветными фотографиями. В приложении помещены портретная галерея летчиков-космонавтов СССР и социалистических стран, а также летопись советской пилотируемой космонавтики.
|
| 610 |
1 |
|
|a Звездный городок
|
| 610 |
1 |
|
|a экскурсии
|
| 610 |
1 |
|
|a космонавты
|
| 610 |
1 |
|
|a космические полеты
|
| 610 |
1 |
|
|a космонавтика
|
| 610 |
1 |
|
|a музеи
|
| 610 |
1 |
|
|a летчики-космонавты
|
| 610 |
1 |
|
|a СССР
|
| 675 |
|
|
|a 629.78
|v 3
|
| 702 |
|
1 |
|a Шаталов
|b В. А.
|c летчик-космонавт СССР
|c ген.-лейтенант авиации (1975)
|c дважды Герой Советского Союза (22.1.1969 и 22.10.1969)
|c кандидат технических наук (1972)
|f 1927-
|g Владимир Александрович
|2 stltpush
|3 (RuTPU)RU\TPU\pers\16011
|4 340
|9 5593
|
| 801 |
|
1 |
|a RU
|b 63413507
|c 20110322
|
| 801 |
|
2 |
|a RU
|b 63413507
|c 20110505
|g RCR
|
| 942 |
|
|
|c BK
|